00274nam a2200121Ia 4500008004100000100001900041245002300060260002600083300000900109650001000118942000700128999001700135190216s9999||||xx |||||||||||||| ||und|| aKakkanadan G V 0aEe Naykalude Lokam bPoorna Pubs Kozhikode a788p aNovel cBK c27379d27379